00640nam a2200181Ia 4500008004000000020001800040082001600058100002100074245006200095250000500157260003900162300001300201650003200214690001500246906001100261999001900272952016700291210210b2003 xxu||||| |||| 00| 0 eng d a81 229 0157 3 a070.19 ORLE aORLIK (Peter B). aElectronic media: an introduction to the profession. Ed.2 a aDelhibSurjeet Publications,c2003 axvii,684 aElectronic Media Mass Media aJournalism a059210 c106254d106254 001040708JournalismaALbALcJournalismd2021-02-17eHigginbothams (P) Ltd., Mangalore 01.g395.00l0o070.19 ORLEp059210r2021-02-17 00:00:00w2021-02-17yBK